000 00601nam a22002537a 4500
999 _c319147
_d319147
001 32697
003 UA-OsUOA
005 20200225161531.0
007 ta
008 20050209b un ||||| |||| 00| 0 ukr d
020 _a966767181Х
040 _aUA-OsUOA
_bukr
_cUA-OsUOA
_dUA-OsUOA
041 _aukr
044 _aUA
080 _a53(076)
090 _a53(076)
_bК65
100 _aКопань В.
245 _aКомпозиційні матеріали
260 _aК.
_bПульсари
_c2004
300 _a196 с.
650 7 _a53 Фізика
_2UDC
942 _cBK
_2udc
955 _a2